Những người khốn khổ; T3 = Les misérables
Gespeichert in:
| 1. Verfasser: | |
|---|---|
| Format: | Buch |
| Sprache: | Undetermined |
| Veröffentlicht: |
Tp. HCM
Văn Nghệ
1999
|
| Schlagworte: | |
| Tags: |
Tag hinzufügen
Keine Tags, Fügen Sie den ersten Tag hinzu!
|
| Thư viện lưu trữ: | Trung tâm Học liệu Trường Đại học Cần Thơ |
|---|
| LEADER | 00597nam a2200205Ia 4500 | ||
|---|---|---|---|
| 001 | CTU_42457 | ||
| 008 | 210402s9999 xx 000 0 und d | ||
| 082 | |a 843.8 | ||
| 082 | |b H895n/T3 | ||
| 100 | |a Victor Hugo | ||
| 245 | 0 | |a Những người khốn khổ; T3 | |
| 245 | 0 | |b = Les misérables | |
| 245 | 0 | |c Victor Hugo, Hùynh Lý ...[et al.] | |
| 260 | |a Tp. HCM | ||
| 260 | |b Văn Nghệ | ||
| 260 | |c 1999 | ||
| 650 | |a french fiction ( vietnamese ),french literature | ||
| 650 | |y 19th century | ||
| 904 | |i Minh | ||
| 980 | |a Trung tâm Học liệu Trường Đại học Cần Thơ | ||